[Event "Astana Zhuldyzdary op-A"]
[Site "Astana"]
[Date "2023.07.13"]
[Round "4"]
[White "Kolosovskiy, Anton"]
[Black "Volchkova, Alena"]
[Result "1-0"]
[WhiteElo "1933"]
[BlackElo "1824"]
[PlyCount "128"]
[EventDate "2023.07.11"]
[EventType "swiss"]
[EventRounds "10"]
[EventCountry "KAZ"]
[SourceTitle "CBM 215 Extra"]
[Source "ChessBase"]
[SourceDate "2023.09.30"]
[SourceVersion "1"]
[SourceVersionDate "2023.09.30"]
[SourceQuality "1"]

1. Nf3 Nf6 2. c4 e6 3. Nc3 c5 4. e3 Be7 5. b3 0-0 6. Bb2 d5 7. cxd5 exd5 8. d4 Nc6 9. Be2 h6 10. 0-0 Bf5 11. Rc1 cxd4 12. Nxd4 Bg6 13. Nxc6 bxc6 14. Na4 Rc8 15. Qd4 Rc7 16. Nc5 Qc8 17. Qa4 Nd7 18. Na6 Nb6 19. Qa5 Rb7 20. Nc5 Bxc5 21. Qxc5 Rc7 22. Qd4 f6 23. Ba3 Re8 24. Bc5 Qb7 25. Rc3 Nd7 26. Rfc1 Re6 27. h3 Kh7 28. Bg4 f5 29. Bf3 Ne5 30. Be2 Rf7 31. Qa4 Qc7 32. g3 a5 33. Bd4 Rfe7 34. Bxe5 Qxe5 35. Bf3 Be8 36. Qxa5 g5 37. Qb4 Rg7 38. Qd4 Qd6 39. Qd3 Qe5 40. Bg2 Reg6 41. Bf3 Re6 42. Kg2 Qf6 43. Qd4 Qf8 44. g4 fxg4 45. Bxg4 Re4 46. Qc5 Qf6 47. R3c2 h5 48. Bf3 Rh4 49. Qc3 Qf5 50. e4 dxe4 51. Be2 g4 52. hxg4 hxg4 53. Qg3 Rh3 54. Rh1 Rxh1 55. Kxh1 e3 56. Qxe3 Bg6 57. Rc4 Qd5+ 58. Kg1 Bf5 59. Rd4 Qa5 60. Bd3 g3 61. Rh4+ Kg6 62. Bxf5+ Qxf5 63. Qh6+ Kf7 64. Rf4 gxf2+ 1-0

[Event "Pavlodar op"]
[Site "Pavlodar"]
[Date "2015.12.14"]
[Round "8"]
[White "Grebenschikov, Vladimir"]
[Black "Kolosovskiy, Anton"]
[Result "1-0"]
[WhiteElo "2212"]
[BlackElo "2032"]
[PlyCount "81"]
[EventDate "2015.12.07"]
[EventType "swiss"]
[EventRounds "10"]
[EventCountry "KAZ"]
[SourceTitle "EXT 2017"]
[Source "ChessBase"]
[SourceDate "2016.10.25"]
[SourceVersion "1"]
[SourceVersionDate "2016.10.25"]
[SourceQuality "1"]

1. d4 d5 2. c4 e6 3. Nc3 c6 4. Nf3 dxc4 5. a4 Bb4 6. g3 b5 7. Bg2 Bb7 8. 0-0 a6 9. Ne5 f6 10. Ng4 Nd7 11. e4 Ne7 12. Ne3 0-0 13. Na2 Bd6 14. b3 e5 15. bxc4 exd4 16. cxb5 axb5 17. axb5 c5 18. Nc4 Ne5 19. Qb3 Kh8 20. Bd2 Nc8 21. Rfb1 Nxc4 22. Qxc4 Nb6 23. Qd3 Qc7 24. Qf1 Rfe8 25. Nc1 c4 26. Ba5 d3 27. Bc3 Na4 28. b6 Qe7 29. Qe1 Nc5 30. Rxa8 Rxa8 31. f3 Na4 32. Bd2 Bc5+ 33. Kh1 Rd8 34. Na2 Bd4 35. Rb4 Nxb6 36. Qb1 Qc7 37. Bf1 c3 38. Bf4 Qc5 39. Qxd3 g5 40. Be3 Bxe3 41. Qxd8+ 1-0

[Event "Pavlodar op"]
[Site "Pavlodar"]
[Date "2013.12.11"]
[Round "2"]
[White "Kolosovskiy, Anton"]
[Black "Kaldybaev, O."]
[Result "1-0"]
[WhiteElo "2030"]
[BlackElo "1732"]
[PlyCount "56"]
[EventDate "2013.12.10"]
[EventType "swiss"]
[EventRounds "10"]
[EventCountry "KAZ"]
[SourceTitle "CBM 158 Extra"]
[Source "ChessBase"]
[SourceDate "2014.02.28"]
[SourceVersion "1"]
[SourceVersionDate "2014.02.28"]
[SourceQuality "1"]

1. d4 d5 2. c4 c6 3. Nf3 Nf6 4. e3 e6 5. Nc3 Nbd7 6. Qc2 Bd6 7. b3 0-0 8. Bd3 b6 9. Bb2 Bb7 10. 0-0 Rc8 11. Qe2 c5 12. cxd5 exd5 13. Rad1 Qe7 14. Ba6 Bxa6 15. Qxa6 Nb8 16. Qe2 Qb7 17. dxc5 Bxc5 18. Nd4 Bxd4 19. Rxd4 Nc6 20. Rf4 Ne7 21. Qf3 Rc6 22. Rd1 Rd8 23. Nb5 Ng6 24. Bxf6 gxf6 25. Rxf6 Rd7 26. Nd4 Rcd6 27. h4 Nxh4 28. Qg3+ Ng6 1-0

[Event "Pavlodar op"]
[Site "Pavlodar"]
[Date "2012.11.30"]
[Round "1"]
[White "Kolosovskiy, Anton"]
[Black "Dvoirys, Semen I"]
[Result "0-1"]
[WhiteElo "2061"]
[BlackElo "2534"]
[PlyCount "52"]
[EventDate "2012.11.30"]
[EventType "swiss"]
[EventRounds "10"]
[EventCountry "KAZ"]
[SourceTitle "EXT 2014"]
[Source "ChessBase"]
[SourceDate "2013.11.20"]
[SourceVersion "1"]
[SourceVersionDate "2013.11.20"]
[SourceQuality "1"]

1. e4 c5 2. Nf3 Nc6 3. d4 cxd4 4. Nxd4 Qb6 5. Nb3 Nf6 6. Nc3 e6 7. a3 Qc7 8. g3 a6 9. Bg2 b5 10. Bf4 d6 11. 0-0 Rb8 12. Re1 Be7 13. Qe2 Ne5 14. Rad1 0-0 15. h3 Nfd7 16. Bc1 Nc4 17. f4 Nxa3 18. Nd5 exd5 19. bxa3 dxe4 20. Qxe4 Bf6 21. Qd3 Bb7 22. Bxb7 Rxb7 23. Qxd6 Qxc2 24. Qxa6 Rb6 25. Qa7 Qxb3 26. Be3 Re6 0-1

[Event "Izmailov Memorial op 15th"]
[Site "Tomsk"]
[Date "2011.06.05"]
[Round "5"]
[White "Kolosovskiy, Anton"]
[Black "Gutov, Andrey"]
[Result "0-1"]
[WhiteElo "2163"]
[BlackElo "2425"]
[PlyCount "74"]
[EventDate "2011.06.01"]
[EventType "swiss"]
[EventRounds "9"]
[EventCountry "RUS"]
[SourceTitle "EXT 2013"]
[Source "ChessBase"]
[SourceDate "2012.11.22"]
[SourceVersion "1"]
[SourceVersionDate "2012.11.22"]
[SourceQuality "1"]

1. c4 Nf6 2. Nc3 g6 3. e4 d6 4. g3 Bg7 5. Bg2 c5 6. Nge2 Nc6 7. 0-0 0-0 8. d3 Ne8 9. Rb1 Nc7 10. a3 a5 11. Be3 Ne6 12. Nd5 Ned4 13. Nxd4 cxd4 14. Bd2 e6 15. Nf4 a4 16. Ne2 e5 17. Nc3 Bd7 18. Na2 Na5 19. Bxa5 Qxa5 20. Nb4 b5 21. cxb5 Be6 22. Rc1 Qxb5 23. Qd2 Rfc8 24. Rxc8+ Rxc8 25. f4 Bh6 26. Qe2 Rc5 27. f5 Bb3 28. fxg6 hxg6 29. Qf3 Qd7 30. h4 Rc1 31. h5 Rxf1+ 32. Bxf1 Kg7 33. hxg6 fxg6 34. Nd5 Qf7 35. Qe2 Bxd5 36. exd5 Be3+ 37. Kh2 Qxd5 0-1